000 00695nam a2200229Ia 4500
003 OSt
005 20220926014126.0
006 a|||||r|||| 00| 0
007 ta
008 220923b |||||||| |||| 00| 0 eng d
037 _cGeneral Book
040 _aRTL
_cRTL
_beng
041 _2eng
_aeng
082 _aX:9.73.N, E8.1-.2
100 _aCommons John R.
_9122029
245 0 _aHistory of labour in the United States. 2V
260 _aNew York
_bMacmillan Company USA
_c1918
300 _axxv, 623p ; 620p.
_ccm.
650 _aPublic Relation Management - United States
_9238238
942 _hX:9.73.N, E8.1-.2
_cGB
_2CC
999 _c627926
_d627926